Escuelas Rǧiminen Jurd̕ico-Fiscal

Bibliographic Details
Main Author: Domn̕guez Orozco, Jaime
Other Authors: Resňdiz Nn︢ez, Cuauhtm̌oc
Format: eBook
Language:Spanish
Published: Mx̌ico D.F. : Ediciones Fiscales ISEF, 2012
Subjects:
Online Access:http://www.vlex.com/source/10980

MARC

LEADER 00000nam a22000007a 4500
005 20130404164954.0
007 cr|||| ||||
008 130404e2012 mx |||||s|||| 00||0 spa d
020 |a 978-607-406-400-1 
035 |a 10980 
040 |a vLex 
090 |c 4114  |d 4114 
100 1 0 |a Domn̕guez Orozco, Jaime 
245 1 0 |a Escuelas  |b Rǧiminen Jurd̕ico-Fiscal  |c / Jaime Domn̕guez Orozco, Cuauhtm̌oc Resňdiz Nn︢ez   |h [Recurso electrn̤ico] 
256 |a Servicio en ln̕ea 
260 |a Mx̌ico D.F. :  |b Ediciones Fiscales ISEF,   |c 2012 
300 |a 1 Recurso electrn̤ico 
506 |a Contenido solo disponible en los productos indicados  |d vLex Global  |d vLex Global (Academic Edition, excluding Law Schools)  |d vLex Global (U.S. Academic Edition, Law Schools)  |d vLex Global (U.S. Academic Edition, excluding Law Schools)  |d vLex Global (Academic Edition, Law Schools) 
650 0 4 |a Escuelas  |z Mx̌ico 
650 0 4 |a Derecho tributario  |z Mx̌ico 
650 0 4 |a Administracin̤ (Management)  |z Mx̌ico 
650 0 4 |a Enseąnza  |z Mx̌ico 
700 1 0 |a Resňdiz Nn︢ez, Cuauhtm̌oc  
740 |a vLex Libros (Servicio en ln̕ea) 
856 |a Acceso restringido  |u http://www.vlex.com/source/10980 
942 |c BOOK 
999 0 |a Management